00550nam a2200133Ia 4500003000200000005001700002008004100019050002400060100003600084245015400120260008600274300002900360521002700389020250214140845.0140724s9999 xx 000 0 und d aT 58.6 b.L791 2009 aLlanto, Bryan Angelo Tanwangco. 4aThe online team registration of Monarch's Cup Basketball Tournament of Southville International School and Colleges /cBryan Angelo Tanwangco Llanto. aLas Piñas, Philippines :bSouthville International School and Colleges,cc2009. a142 p. :bill. ;c28 cm. aInformation Technology